000
00283nam a2200109Ia 4500
008
200302s9999 xx 000 0 und d
100
_a
Nigel Cawthorne
245
_a
The Art to India
260
_b
Hamlyn a Division of Octopus Publishing Group Ltd.
260
_c
1997
300
_a
92 P.,
999
_c
1570
_d
1570